Karl Marx: (Record no. 165441)

MARC details
000 -LEADER
fixed length control field 00482nam a22001697a 4500
005 - DATE AND TIME OF LATEST TRANSACTION
control field 20221116162108.0
010 ## - LCCN (DPL NO)
LC control number B-125653
020 ## - INTERNATIONAL STANDARD BOOK NUMBER
Terms of availability 200.00
International Standard Book Number 9788180642951
035 ## - SYSTEM CONTROL NUMBER
System control number EN-109185
037 ## - SOURCE OF ACQUISITION
Source of stock number/acquisition DBAD/PUB
082 ## - DEWEY DECIMAL CLASSIFICATION NUMBER
Classification number 920
245 ## - TITLE STATEMENT
Title Karl Marx:
Remainder of title a bicentenary tribute/
Statement of responsibility, etc ed.by Gargi Sengupta
260 ## - PUBLICATION, DISTRIBUTION, ETC. (IMPRINT)
Place of publication, distribution, etc Kolkata,
Name of publisher, distributor, etc Sri kamal Mitra
Date of publication, distribution, etc 2018
270 ## - ADDRESS
Address 37A, College Street,
City Kolkata
Postal code 700073
300 ## - PHYSICAL DESCRIPTION
Extent 204p.
Dimensions 2cm(pbk)
942 ## - ADDED ENTRY ELEMENTS (KOHA)
Source of classification or shelving scheme Dewey Decimal Classification
Item type English Books
Classification part 920
Call number suffix KAR
Holdings
Withdrawn status Lost status Not for loan Collection code Home library Current library Date acquired Source of acquisition Cost, normal purchase price Full call number Barcode Copy number Cost, replacement price Koha item type
      Non-fiction Kadipur Kadipur 18/06/2019 DBAD/PUB 200.00 920 KAR EN-109185 1 200.00 English Books

© Delhi Public Library
Hit Counter
free hit counter